| Tag |
First Indicator |
Second Indicator |
Subfields |
| LEADER |
00000cam a2200000 i 4500 |
| 001 |
in00004097521 |
| 005 |
20211120103232.0 |
| 006 |
m o d f |
| 007 |
cr mn||||||||| |
| 008 |
191125s2019 pau ob f000 0 eng c |
| 035 |
|
|
|a (OCoLC)on1128823312
|
| 042 |
|
|
|a pcc
|
| 043 |
|
|
|a e------
|a ff-----
|a n-us---
|
| 040 |
|
|
|a GPO
|b eng
|e rda
|e pn
|c GPO
|d GPO
|d MvI
|
| 049 |
|
|
|a WWW
|
| 074 |
|
|
|a 0307-A-66 (online)
|
| 086 |
0 |
|
|a D 101.146/17-2:C 49
|
| 100 |
1 |
|
|a Millen, Raymond A.,
|e author.
|
| 245 |
1 |
0 |
|a "Bury the dead, feed the living" :
|b the history of civil affairs/military government in the Mediterranean and European theaters of operation during World War II /
|c Raymond A. Millen.
|
| 246 |
3 |
|
|a History of civil affairs/military government in the Mediterranean and European theaters of operation during World War II
|
| 264 |
|
1 |
|a Carlisle, PA :
|b U.S. Army Peacekeeping and Stability Operations Institute,
|c 2019.
|
| 300 |
|
|
|a 1 online resource (viii, 278 pages).
|
| 336 |
|
|
|a text
|b txt
|2 rdacontent
|
| 337 |
|
|
|a computer
|b c
|2 rdamedia
|
| 338 |
|
|
|a online resource
|b cr
|2 rdacarrier
|
| 490 |
1 |
|
|a PKSOI paper
|
| 500 |
|
|
|a "February 2019."
|
| 504 |
|
|
|a Includes bibliographical references (pages 229-278).
|
| 588 |
|
|
|a Description based on online resource; title from PDF title page (PKSOI website, viewed Nov. 25, 2019).
|
| 650 |
|
0 |
|a World War, 1939-1945
|x Occupied territories.
|
| 650 |
|
0 |
|a Military government
|z Europe
|x History
|y 20th century.
|
| 650 |
|
0 |
|a Military government
|z Africa, North
|x History
|y 20th century.
|
| 651 |
|
0 |
|a United States
|x Armed Forces
|x Civil functions.
|
| 651 |
|
0 |
|a United States
|x Armed Forces
|x Stability operations.
|
| 650 |
|
0 |
|a Postwar reconstruction.
|
| 710 |
2 |
|
|a Peacekeeping and Stability Operations Institute,
|e issuing body.
|
| 830 |
|
0 |
|a PKSOI papers.
|
| 856 |
4 |
0 |
|u https://purl.fdlp.gov/GPO/gpo128986
|t 0
|
| 999 |
f |
f |
|s a2e2186b-379e-309f-9af3-02e6aee01add
|i 56cf794b-1273-342e-ab2b-8c1579d1aaa2
|t 0
|
| 952 |
f |
f |
|a Texas A&M University
|b College Station
|c Electronic Resources
|d Available Online
|t 0
|e D 101.146/17-2:C 49
|h Superintendent of Documents classification
|
| 998 |
f |
f |
|a D 101.146/17-2:C 49
|t 0
|l Available Online
|